00996nam a22001935i 4500001000700000003000900007005001700016008004100033040001800074100003200092245009800124260007300222300002000295500012600315596003700441852018200478999001900660952012300679160695ES-MaACL20230906212117.0010814s1855 sp |||| | spa d aAR bspa cAR1 aNieva, Juan José.913049013aLa escuela de las amigas b: comedia en un acto y en verso / coriginal de Juan José Nieva. aMadrid : b[Manuel Pedro Delgado], c1855 (fImprenta de Repullés) a36 p ; c19 cm. aEn port.: Representada con estraordinario [sic] aplauso en el teatro de Lope de Vega en la noche del 20 de marzo de 1855. aNombre del ed. tomado de la cub. aES-MaACLjF-8620(7) z-- Enc. pasta española q-- Falto de la cub. originalz-- Enc. en un vol. facticio formando parte de la col. facticia "Teatro español moderno", vol. 75 c160695d160695 001040708LIBXIXaATENEOMbATENEOMcSPP2d2008-01-17l0oF-8620(7)p1168276r2023-02-23 00:00:00w2023-02-23yMONANT